<?xml version="1.0" encoding="UTF-8"?>
<record
    xmlns:xsi="http://www.w3.org/2001/XMLSchema-instance"
    xsi:schemaLocation="http://www.loc.gov/MARC21/slim http://www.loc.gov/standards/marcxml/schema/MARC21slim.xsd"
    xmlns="http://www.loc.gov/MARC21/slim">

  <leader>01114nam a22002657a 4500</leader>
  <controlfield tag="001">BRCA_9383</controlfield>
  <controlfield tag="003">FranzMayer</controlfield>
  <controlfield tag="005">20230918124148.0</controlfield>
  <controlfield tag="008">230901b        |||||||| |||| 00| 0 eng d</controlfield>
  <datafield tag="020" ind1=" " ind2=" ">
    <subfield code="a">8487682499</subfield>
  </datafield>
  <datafield tag="040" ind1=" " ind2=" ">
    <subfield code="a">MFM</subfield>
    <subfield code="b">espa&#xF1;ol</subfield>
    <subfield code="c">MFM</subfield>
  </datafield>
  <datafield tag="050" ind1=" " ind2="0">
    <subfield code="a">AM121.M6</subfield>
    <subfield code="b">R53 2004</subfield>
  </datafield>
  <datafield tag="100" ind1="1" ind2=" ">
    <subfield code="4">Autor</subfield>
    <subfield code="a">Rico Mansard, Luisa Fernanda</subfield>
    <subfield code="9">29454</subfield>
  </datafield>
  <datafield tag="240" ind1=" " ind2=" ">
    <subfield code="a">Exhibir para educar</subfield>
    <subfield code="h">Objetos, colecciones y museos de la ciudad de M&#xE9;xico (1790-1910)</subfield>
    <subfield code="l">Espa&#xF1;ol</subfield>
  </datafield>
  <datafield tag="245" ind1="0" ind2=" ">
    <subfield code="a">Exhibir para educar</subfield>
    <subfield code="b">Objetos, colecciones y museos de la ciudad de M&#xE9;xico (1790-1910)</subfield>
  </datafield>
  <datafield tag="260" ind1=" " ind2=" ">
    <subfield code="a">M&#xE9;xico</subfield>
    <subfield code="b">Ediciones Pomares</subfield>
    <subfield code="c">2004</subfield>
  </datafield>
  <datafield tag="300" ind1=" " ind2=" ">
    <subfield code="a">447 p</subfield>
    <subfield code="b">Ilustraciones</subfield>
    <subfield code="c">23 cm</subfield>
  </datafield>
  <datafield tag="500" ind1=" " ind2=" ">
    <subfield code="a">Anexo 1</subfield>
  </datafield>
  <datafield tag="500" ind1=" " ind2=" ">
    <subfield code="a">Algunas partes del libro esta subrayadas</subfield>
  </datafield>
  <datafield tag="505" ind1=" " ind2=" ">
    <subfield code="a">Texto en: espa&#xF1;olIncluye &#xED;ndice tem&#xE1;ticoIncluye notasIncluye bibliograf&#xED;aDirigido a: muse&#xF3;logos y personas que trabajen en exposicones</subfield>
  </datafield>
  <datafield tag="650" ind1="1" ind2=" ">
    <subfield code="2">Museos</subfield>
    <subfield code="a">Colecciones y exposiciones</subfield>
    <subfield code="v">Museolog&#xED;a</subfield>
    <subfield code="9">29455</subfield>
  </datafield>
  <datafield tag="651" ind1="2" ind2=" ">
    <subfield code="2">Museos mexicanos</subfield>
    <subfield code="a">CDMX</subfield>
    <subfield code="v">1790-1910</subfield>
    <subfield code="9">29456</subfield>
  </datafield>
  <datafield tag="710" ind1="1" ind2=" ">
    <subfield code="4">Colaborador </subfield>
    <subfield code="a">Horizontes educativos mexicanos</subfield>
    <subfield code="9">29457</subfield>
  </datafield>
  <datafield tag="942" ind1=" " ind2=" ">
    <subfield code="2">lcc</subfield>
    <subfield code="c">B</subfield>
  </datafield>
  <datafield tag="999" ind1=" " ind2=" ">
    <subfield code="c">11005</subfield>
    <subfield code="d">11005</subfield>
  </datafield>
  <datafield tag="952" ind1=" " ind2=" ">
    <subfield code="0">0</subfield>
    <subfield code="1">0</subfield>
    <subfield code="2">lcc</subfield>
    <subfield code="4">0</subfield>
    <subfield code="7">0</subfield>
    <subfield code="8">FCON</subfield>
    <subfield code="a">BRCA</subfield>
    <subfield code="b">BRCA</subfield>
    <subfield code="d">2023-09-01</subfield>
    <subfield code="l">0</subfield>
    <subfield code="o">AM121.M6 R53 2004</subfield>
    <subfield code="p">CONT10151</subfield>
    <subfield code="r">2023-09-01 00:00:00</subfield>
    <subfield code="w">2023-09-01</subfield>
    <subfield code="y">B</subfield>
  </datafield>
</record>
